Warum kommen Sie, Herr Pfarrer? : erlebnisse bei 1000 hausbesuchen /

Saved in:
Bibliographic Details
Main Author: Blieweis, Theodor.
Format: Book
Language:German
Published: Wien : Herder, 1960.
Subjects:
Tags: Add Tag
No Tags, Be the first to tag this record!
LEADER 00739nam a2200229Ia 4500
001 002867006-X
005 20020606093309.7
008 870505s1960 gw 000 0 ger d
035 0 |a ocm15634739 
040 |a OCA  |c OCA  |d m/c  |d HLS 
050 4 |a BX1913  |b .B55 1960 
090 |a BX1913  |b .B55 1960 
100 1 |a Blieweis, Theodor. 
245 1 0 |a Warum kommen Sie, Herr Pfarrer? :  |b erlebnisse bei 1000 hausbesuchen /  |c von Theodor Blieweis. 
260 |a Wien :  |b Herder,  |c 1960. 
300 |a 394 p. ;  |c 20 cm. 
504 |a Other works by the same author at 1 unnumbered page at end. 
610 2 0 |a Catholic Church  |x Clergy  |x Biography 
600 1 0 |a Blieweis, Theodor. 
650 0 |a Pastoral theology  |x Catholic Church. 
988 |a 20020608 
906 |0 OCLC